| 000 | 01064 a2200313 4500 | ||
|---|---|---|---|
| 003 | OSt | ||
| 005 | 20180116192349.0 | ||
| 008 | 120531t xxu||||| |||| 00| 0 eng d | ||
| 010 | _a 2004101034 | ||
| 020 | _a0500203792 | ||
| 020 | _a9780500203798 | ||
| 040 | _c0 | ||
| 082 | 0 | 0 | _a745.403 |
| 100 | 1 |
_aJulier, Guy. _93119 |
|
| 245 | 1 | 4 |
_aThe Thames & Hudson dictionary of design since 1900 / _cGuy Julier. |
| 246 | 3 | _aThames and Hudson dictionary of design since 1900 | |
| 246 | 3 | _aDesign since 1900 | |
| 246 | 3 | _aDictionary of design since 1900 | |
| 250 | _a2nd ed. | ||
| 260 |
_aLondon : _aNew York, N.Y. : _bThames & Hudson, _c2005. |
||
| 300 |
_a224 p. : _bill. ; _c21 cm. |
||
| 440 | 0 |
_aWorld of art _93120 |
|
| 500 | _aRev. ed. of: The Thames and Hudson encyclopaedia of 20th century design and designers. 1993. | ||
| 650 | 1 | 0 |
_aDesign _xHistory _y20th century _93121 |
| 650 | 1 | 0 |
_aDesigners _93122 |
| 700 | 1 |
_aJulier, Guy. _93123 |
|
| 942 |
_aSADA _cREF _kREF 735.403 JUL 2005 _2ddc |
||
| 999 |
_c352864 _d352864 |
||